000 01269nam a2200337 i 4500
003 EG-GICUC
005 20260121101646.0
008 260104s1987 ua ||||fr|||| 001 0 ara d
017 _a1987/7803
020 _a90771555014
040 _a EG-GICUC
_bara
_c EG-GICUC
_d EG-GICUC
_erda
041 _aara
082 0 4 _a343.425
_bم ح . ج
_221
092 0 4 _221
099 _aLaw1 10 343.425 م ح . ج ed 1 - 1987 1006810
100 0 _aمحسن فؤاد فرج.
_eمؤلف.
245 1 0 _aجرائم الفكر والرأي والنشر :
_bالنظرية العامة للجرائم التعبيرية /
_cتأليف الدكتور محسن فؤاد فرج.
250 _aالطبعة الأولى،
264 1 _aالقاهرة :
_bدار الغد العربي،
_c1987.
300 _a625 صفحة ؛
_c24 سم.
336 _2rda content
_atext
337 _2rda media
_aComputer
338 _2rda carrier
_aOnline Resource
504 _aيشتمل على ارجاعات ببليوجرافية.
546 _aالنص باللغة العربية
650 1 _aالتشريعات المتعلقة بالصحافة.
_2qrmak
651 1 _2qrmak
856 4 0 _uhttps://fll.law.cu.edu.eg/fulltext/bks/B10-06810.pdf
905 _a18
942 _2ddc
_n0
_cBK
_e21
999 _c54467
_d54467